000 03499nam a2200361 a 4500
001 ebr10441402
003 CaPaEBR
006 m u
007 cr cn|||||||||
008 100913s2011 njuad sb 001 0 eng d
010 _z 2010039152
020 _z9780470484401
020 _z9780470872123 (e-book)
040 _aCaPaEBR
_cCaPaEBR
035 _a(OCoLC)698178321
050 1 4 _aTK1010
_b.C48 2011eb
082 0 4 _a621.319
_222
100 1 _aChiang, H.
_q(Hsiao-Dong)
245 1 0 _aDirect methods for stability analysis of electric power systems
_h[electronic resource] :
_btheoretical foundation, BCU methodologies, and applications /
_cHsiao-Dong Chiang.
260 _aHoboken, N.J. :
_bJohn Wiley & Sons,
_cc2011.
300 _axiv, 494 p. :
_bill.
504 _aIncludes bibliographical references and index.
505 0 _a1. Introduction and overview -- 2. System modeling and stability problems -- 3. Lyapunov stability and stability regions of nonlinear dynamical systems -- 4. Quasi-stability regions : analysis and characterization -- 5. Energy function theory and direct methods -- 6. Constructing analytical energy functions for transient stability models -- 7. Construction of numerical energy functions for Lossy transient stability models -- 8. Direct methods for stability analysis : an introduction -- 9. Foundation of the closest UEP method -- 10. Foundations of the potential energy boundary surface method -- 11. Controlling UEP method : theory -- 12. Controlling UEP method : computations -- 13. Foundations of controlling UEP methods for network-preserving transient stability models -- 14. Network-reduction BCU method and its theoretical foundation -- 15. Numerical network-reduction BCU method -- 16. Network-preserving BCU method and its theoretical foundation -- 17. Numerical network-preserving BCU method -- 18. Numerical studies of BCU methods from stability boundary perspectives -- 19. Study of the transversality conditions of the BCU method -- 20. The BCU-exit point method -- 21. Group properties of contingencies in power systems -- 22. Group-based BCU-exit method -- 23. Group-based BCU-CUEP methods -- 24. Group-based BCU method -- 25. Perspectives and future directions.
520 _a"Widely accepted around the world, the BCU method is the only direct method used in the power industry. Direct Methods for Stability Analysis of Electric Power Systems presents a comprehensive theoretical foundation of the method and its numerical implementation. This book provides graduate students, researchers, and practitioners with theoretical foundations of direct methods, energy functions, and the BCU method as well as the group-based BCU method and its applications. Numerical studies on industrial models and data are also included"--
_cProvided by publisher.
520 _a"This book describes the BCU method (Boundary of Stability Region Based Controlling Unstable Equilibrium Point method)"--
_cProvided by publisher.
533 _aElectronic reproduction.
_bPalo Alto, Calif. :
_cebrary,
_d2011.
_nAvailable via World Wide Web.
_nAccess may be limited to ebrary affiliated libraries.
650 0 _aElectric power system stability.
650 0 _aBoundary element methods.
650 0 _aElectric power systems
_xMathematical models.
655 7 _aElectronic books.
_2local
710 2 _aebrary, Inc.
856 4 0 _uhttp://site.ebrary.com/lib/rucke/Doc?id=10441402
_zAn electronic book accessible through the World Wide Web; click to view
999 _c245831
_d245831